Дело о разрешении учителям уездных училищ Иркутской губернии обучать учеников латинскому, немецкому языкам и алгебре во внеурочн...

Доступно только в Электронных читальных залах Найти на картеНа карте
RUSMARC
00004295nmc2a2200000 x 450
0010efd1f5e-0df0-4751-86d5-84ccc0238cfb
00520151230102836.0
100##$a20150415l18391839k l0rusy0189 ca
1010#$arus
102##$aRU
2001#$aДело о разрешении учителям уездных училищ Иркутской губернии обучать учеников латинскому, немецкому языкам и алгебре во внеурочное время
$j26 ноября - 8 декабря 1839 г.
251##$cДело
300##$aДело
300##$aОриг. заголовок дела: Дело по представлению состоящего в должности Иркутского гражданского губернатора о дозволении учителям Киренского уездного училища Титову и Затопляеву обучать учеников того училища началам латинского языка и алгебры. 26 ноября 1839 г. - 8 декабря 1839 г
801#0$aRU
$bРГИА
$c20150415
$gRCR
801#1$aRU
$bГлавНИВЦ
$c20150415
$2rusmarc
801#2$aRU
$bПБ им. Б.Н. Ельцина
$c20151230
$gRCR
$2rusmarc
850##$aРГИА
852##$aРГИА
$eФедеральное казенное учреждение "Российский государственный исторический архив" (РГИА)
$j182
937##$hРГИА
$d11186572
$aASBIBLIO_SCAN
462#0$10016b115cf4-66a1-48f0-a2d5-310bee1426dd
$12001
$aДела Департамента народного просвещения по Сибирской дирекции училищ за 1829-1846 гг.
$1251
$cОпись
$1852
$j83
461#0$1001a74412a3-3cc5-4d21-8f0a-dfe2fbd9e72d
$12001
$aДепартамент народного просвещения Министерства народного просвещения
$1251
$cФонд
$1852
$j733
215##$a5 л.
$d36,5х26 см
371##$aДокумент не является опубликованным и широко распространяемым
105##$ay###
1222#$ad
5171#$aДело по представлению состоящего в должности Иркутского гражданского губернатора о дозволении учителям Киренского уездного училища Титову и Затопляеву обучать учеников того училища началам латинского языка и алгебры. 26 ноября 1839 г. - 8 декабря 1839 г
035##$a0efd1f5e-0df0-4751-86d5-84ccc0238cfb
Формат отображения